[Event "Aberto do Brasil CONTAUD 2022"]
[Site "Cuiaba - MT - Brasil"]
[Date "2022.10.26"]
[Round "2.28"]
[White "Romais, Rodrigo"]
[Black "Belina, Jose Carlos Fernand"]
[Result "0-1"]
[WhiteElo "1545"]
[BlackElo "1348"]
[PlyCount "70"]
[EventDate "2022.10.25"]
[EventRounds "9"]
[EventCountry "BRA"]

1. e4 e5 2. Bc4 Nf6 3. d3 c6 4. Nc3 d5 5. exd5 cxd5 6. Bb3 Nc6 7. a3 h6 8. Nge2
Bc5 9. h3 O-O 10. O-O a5 11. Ng3 Nd4 12. Ba2 Nf5 13. Qf3 Nh4 14. Qe2 Re8 15.
Nh5 Ra6 16. Nxf6+ Rxf6 17. Bxd5 Rg6 18. Be4 f5 19. Bd5+ Kh8 20. g3 Rxg3+ 21.
Kh2 Rxh3+ 22. Kxh3 f4+ 23. Kh2 Qd7 24. Rh1 f3 25. Bxf3 Qh3+ 26. Kg1 Nxf3+ 27.
Qxf3 Qxf3 28. Ne4 Bb6 29. Bxh6 Bh3 30. Rh2 gxh6 31. Rf1 Bxf1 32. Kxf1 Qd1+ 33.
Kg2 Rg8+ 34. Ng3 Kh7 35. Rh5 Qxh5 0-1

[Event "Aberto do Brasil CONTAUD 2022"]
[Site "Cuiaba - MT - Brasil"]
[Date "2022.10.26"]
[Round "2.29"]
[White "Colombo, Sahimon Jonathan"]
[Black "Gomes, Carlos"]
[Result "0-1"]
[WhiteElo "1800"]
[BlackElo "1538"]
[PlyCount "118"]
[EventDate "2022.10.25"]
[EventRounds "9"]
[EventCountry "BRA"]

1. e4 e5 2. Nf3 Nf6 3. Bc4 Nxe4 4. d3 Nf6 5. Nxe5 d5 6. Bb3 Be7 7. O-O O-O 8.
Nc3 d4 9. Ne4 h6 10. Re1 Nbd7 11. Nf3 Nc5 12. Nxc5 Bxc5 13. h3 Bf5 14. Bf4 Re8
15. Qd2 c6 16. Rxe8+ Qxe8 17. Re1 Qc8 18. Be5 Qd8 19. Bg3 Bg6 20. Ne5 Nd5 21.
Nxg6 fxg6 22. Be5 Kh7 23. c3 dxc3 24. bxc3 Qd7 25. d4 Bf8 26. Bc2 Nf6 27. Qd3
Qf7 28. h4 h5 29. Re3 Ng8 30. Rg3 Ne7 31. Bb3 Qe8 32. Rg5 Nf5 33. g4 Be7 34.
Rxf5 gxf5 35. Qxf5+ Qg6 36. Qxg6+ Kxg6 37. Bc2+ Kf7 38. g5 Rd8 39. g6+ Kf8 40.
c4 Bf6 41. f4 Bxe5 42. dxe5 Rd2 43. Bb3 a5 44. f5 a4 45. Bxa4 Rxa2 46. Bb3 Rb2
47. Ba4 Rb4 48. Bc2 Rxc4 49. Bd3 Rd4 50. Bc2 Rd2 51. Bb3 Re2 52. Be6 Rxe5 53.
Kf2 Rxe6 54. fxe6 Ke7 55. Ke3 Kxe6 56. Kf4 Kf6 57. Ke4 Kxg6 58. Ke5 c5 59. Kd5
b6 0-1

[Event "Aberto do Brasil CONTAUD 2022"]
[Site "Cuiaba - MT - Brasil"]
[Date "2022.10.26"]
[Round "2.30"]
[White "Oliveira, Joao Victor Da Silv"]
[Black "Born, Ary"]
[Result "1-0"]
[WhiteElo "1528"]
[BlackElo "1248"]
[PlyCount "127"]
[EventDate "2022.10.25"]
[EventRounds "9"]
[EventCountry "BRA"]

1. e4 e6 2. d3 d5 3. Qe2 c5 4. Nf3 h6 5. g3 Nc6 6. c3 Nf6 7. Bg2 Bd6 8. e5 Nxe5
9. Nxe5 d4 10. cxd4 cxd4 11. O-O Qa5 12. Nc4 Qc5 13. Nxd6+ Qxd6 14. Bf4 Qb6 15.
b3 O-O 16. Nd2 Re8 17. Be5 Qd8 18. Rac1 Re7 19. Rc4 Rd7 20. Nf3 Ng4 21. Bxd4
Rd5 22. Bb2 Rh5 23. Rxg4 g6 24. Rh4 Rxh4 25. Nxh4 Qa5 26. Qe5 Qxe5 27. Bxe5 Bd7
28. Rc1 g5 29. Nf3 Bc6 30. Nd2 Rc8 31. Bxc6 a5 32. Bb2 Rxc6 33. Rxc6 bxc6 34.
a4 Kf8 35. Nc4 Ke7 36. Kf1 g4 37. Ke2 f5 38. f3 h5 39. Be5 Kd7 40. Nxa5 Kc8 41.
Nxc6 Kb7 42. Nd8+ Ka6 43. b4 Kb6 44. Nxe6 gxf3+ 45. Kxf3 Kc6 46. d4 Kd5 47. a5
Kxe6 48. a6 f4 49. a7 Kd5 50. a8=Q+ Kc4 51. Qc8+ Kd3 52. Qf5+ Kc4 53. gxf4 h4
54. Ke3 Kb3 55. Qd3+ Ka4 56. Qc2+ Ka3 57. Kd3 h3 58. d5 Kxb4 59. Qc3+ Ka4 60.
Qb2 Ka5 61. Bc3+ Ka6 62. Kc4 Ka7 63. Kc5 Ka8 64. Kc6 1-0